Pohľad z okna

Bibliographic Details
Main Author: Hrubý, Ladislav, 1957- (Author)
Format: Article
Language:Slovak
PhysicalDescription:Literárna príloha Smeny, 1983, č. 37, s. /4/.
Subjects:

MARC

LEADER 00000nab a2200000 a 4500
001 vtls000158203
003 SK-MaSNL
005 20260302210045.0
008 111104c1983 xo 0 slo
015 |a SNBRB19rr/mm-uuuuu 
035 |a CL0168312 
040 |a SNKBUCL  |b slo  |c SNKBUCL  |e AACR2 
041 0 |a slo 
044 |a xo  |c SK 
080 |a 885.4-3  |2 1981 
100 1 |a Hrubý, Ladislav,  |d 1957-  |4 aut  |9 101111 
245 1 0 |a Pohľad z okna  |c Ladislav Hrubý 
300 |b Literárna príloha Smeny, 1983, č. 37, s. /4/. 
650 0 7 |a poviedky lyrické  |2 snkbucl  |9 893929 
655 7 |a články z novín a časopisov  |2 snkbucl  |9 267496 
655 7 |a články z odboru literárna veda a krásna literatúra  |2 snkbucl  |9 770045 
773 0 |t Smena  |g Roč. 36, č. 226 (24. 9. 1983) 
850 |a Slovenská národná knižnica v Martine  |a MTA001 
852 |a SNK  |b KIS3GCP 
958 |a RK 
958 |a LX 
992 |a RBX 
999 |c 1480721  |d 1482651